Tout sur... Pokémon - Statistiques

Statistiques générales
  • Ce quiz a été pris 367 fois
  • Le résultat moyen est 18 sur 20
Statistiques - réponses
Quel(le) est... Réponse % Correct
Le pays où il a été créé Japon
99%
L'entreprise qui l'a créé Nintendo | Game Freak | the Pokémon Company
97%
La souris électrique mascotte de la série Pikachu
97%
Dresseur de la souris dans l'animé Sacha
96%
L'objet utilisé pour capturer des Pokémon Pokéball
95%
Les trois Pokémon proposés au départ de l'aventure dans les premiers jeux Salamèche
95%
Team ennemie dans l'animé et les premiers jeux Team Rocket
95%
Les trois Pokémon proposés au départ de l'aventure dans les premiers jeux Bulbizarre
94%
Les trois Pokémon proposés au départ de l'aventure dans les premiers jeux Carapuce
94%
Ce jeu mobile en réalité augmentée à révolutionné le monde en 2016 Pokémon GO
94%
Pokémon légendaire, numéro 150 du Pokédex Mewtwo
93%
La première console portable sur laquelle il est apparu Game Boy
92%
Le nombre de "générations", périodes séparant chaque sortie importante Neuf
92%
Nombre de types de Pokémon (sans compter le type Stellaire) 18
89%
Dieu des Pokémon, il a créé l'univers Arceus
89%
La série où l'on incarne les Pokémon entrant dans des donjons Pokémon Donjon Mystère
80%
La série où on prend des photos des Pokémon Pokémon Snap
74%
Une des îles sur lesquelles on vit dans tous les jeux Kanto | Johto | Hoenn | Sinnoh | Unys | Kalos | Alola | Galar | Paldea
73%
La première console de salon sur laquelle la série est apparue Nintendo 64
64%
Le genre de la série RPG
49%
Aucun quiz correspondant
Distribution des résultats
% des personnes avec chaque résultat
Percentile par nombre de réponses
Votre historique - résultats
Vous n’avez pas pris ce quiz